Statistiques concernant Films avec Sylvie Testud par image

Cliquez ici pour prendre le quiz!

Statistiques générales

  • Ce quiz a été pris 12 fois
  • Le résultat moyen est 4 sur 16

Statistiques - réponses

Réponse% Correct
La Môme
58%
La Rafle
58%
Sagan
58%
Stupeur et tremblements
50%
Lucky Luke
42%
Les Visiteurs : La Révolution
25%
Louise Michel
17%
Lourdes
17%
Sous les jupes des filles
17%
Convoi exceptionnel
8%
La France
8%
L'Idiot
8%
Demain on déménage
0%
La Captive
0%
La Chambre Obscure
0%
Mumu
0%

Distribution des résultats

Percentile par nombre de réponses

% des personnes avec chaque résultat

Votre développement - résultats

Vous n’avez pas pris ce quiz